The Secret Seven: (Record no. 115473)
[ view plain ]
| 000 -LEADER | |
|---|---|
| fixed length control field | 00419nam a22001697a 4500 |
| 003 - CONTROL NUMBER IDENTIFIER | |
| control field | OSt |
| 005 - DATE AND TIME OF LATEST TRANSACTION | |
| control field | 20140424092222.0 |
| 008 - FIXED-LENGTH DATA ELEMENTS--GENERAL INFORMATION | |
| fixed length control field | 130730t xxu||||| |||| 00| 0 eng d |
| 020 ## - INTERNATIONAL STANDARD BOOK NUMBER | |
| International Standard Book Number | 0340-56984-0 |
| 020 ## - INTERNATIONAL STANDARD BOOK NUMBER | |
| International Standard Book Number | 0340569840 |
| 050 ## - LIBRARY OF CONGRESS CALL NUMBER | |
| Classification number | PZ 7 |
| Item number | .B661 1992 |
| 100 ## - MAIN ENTRY--PERSONAL NAME | |
| Personal name | Blyton, Enid |
| 9 (RLIN) | 4844 |
| 245 ## - TITLE STATEMENT | |
| Title | The Secret Seven: |
| Remainder of title | Go ahead, sweet seven |
| Statement of responsibility, etc | Enid Blyton. |
| 562 ## - COPY AND VERSION IDENTIFICATION NOTE | |
| Number of copies | 2 |
| 942 ## - ADDED ENTRY ELEMENTS (KOHA) | |
| Source of classification or shelving scheme | Library of Congress Classification |
| Koha item type | Books |
| Withdrawn status | Lost status | Source of classification or shelving scheme | Damaged status | Home library | Current library | Shelving location | Date acquired | Sub Shelving location | Total Checkouts | Full call number | Barcode | Date last seen | Copy number | Price effective from | Koha item type |
|---|---|---|---|---|---|---|---|---|---|---|---|---|---|---|---|
| Library of Congress Classification | Luxembourg Library | Luxembourg Library | Kids Fiction Section | 04/24/2014 | PZ 7 .B661 1992 | 4071 | 01/10/2020 | 1 | 04/24/2014 | Books |